[Event "SGP-ch 74th"]
[Site "Singapore"]
[Date "2023.02.10"]
[Round "7"]
[White "Burman, Ray Pritish"]
[Black "Kapoor, Satvik"]
[Result "1-0"]
[WhiteElo "1516"]
[BlackElo "1759"]
[PlyCount "69"]
[EventDate "2023.01.27"]
[EventType "swiss"]
[EventRounds "9"]
[EventCountry "SIN"]
[SourceTitle "EXT 2024"]
[Source "ChessBase"]
[SourceDate "2023.10.10"]
[SourceVersion "1"]
[SourceVersionDate "2023.10.10"]
[SourceQuality "1"]

1. d4 Nf6 2. c4 g6 3. g3 c6 4. Bg2 d5 5. cxd5 cxd5 6. Nc3 Bg7 7. Nf3 Nc6 8. 0-0 0-0 9. Ne5 Bf5 10. Be3 Nxe5 11. dxe5 Ng4 12. Bc5 Rc8 13. Ba3 Bxe5 14. Nxd5 Bd6 15. Qa4 e6 16. Nc3 Bxa3 17. Qxa3 Ne5 18. Qxa7 Qd2 19. Qxb7 Rb8 20. Qc7 Ng4 21. e4 Rxb2 22. Rad1 Qc2 23. Rc1 Qd2 24. Qf4 Qd3 25. exf5 exf5 26. h3 Nf6 27. Rfd1 Qa6 28. Rd6 Qa3 29. Rxf6 Rc8 30. Rc6 Rd8 31. Nd5 Rbb8 32. Qh6 f6 33. Nxf6+ Kf7 34. Qxh7+ Kf8 35. Qg8+ 1-0

[Event "SGP-ch 74th"]
[Site "Singapore"]
[Date "2023.02.04"]
[Round "5"]
[White "Kapoor, Satvik"]
[Black "Sreekarthika, Velmurugan"]
[Result "1/2-1/2"]
[WhiteElo "1759"]
[BlackElo "1438"]
[PlyCount "142"]
[EventDate "2023.01.27"]
[EventType "swiss"]
[EventRounds "9"]
[EventCountry "SIN"]
[SourceTitle "CBM 212 Extra"]
[Source "ChessBase"]
[SourceDate "2023.03.31"]
[SourceVersion "1"]
[SourceVersionDate "2023.03.31"]
[SourceQuality "1"]

1. e4 e5 2. Nf3 Nc6 3. Bc4 Bc5 4. 0-0 Nf6 5. d4 Bxd4 6. Nxd4 Nxd4 7. Bg5 h6 8. f4 hxg5 9. fxe5 Ne6 10. exf6 gxf6 11. Nc3 Qe7 12. Kh1 c6 13. Ne2 Qc5 14. Qd3 Qe5 15. Ng3 Nc5 16. Qc3 Qxc3 17. bxc3 b5 18. Bb3 Nxb3 19. cxb3 Ke7 20. Nf5+ Kf8 21. Rad1 d5 22. exd5 Bxf5 23. Rxf5 cxd5 24. Rxf6 Ke7 25. Rf5 Rhc8 26. Rxg5 Rxc3 27. Re5+ Kf6 28. Rexd5 Rc2 29. R5d2 Rac8 30. h3 a5 31. Kh2 Kg7 32. Rd7 Rf2 33. R1d3 Rcc2 34. Rg3+ Kf8 35. a3 Ra2 36. Rb7 Rxa3 37. Rxb5 a4 38. Rb8+ Ke7 39. Ra8 Rxb3 40. Rxa4 Rxg3 41. Kxg3 Rb2 42. Rg4 Kf6 43. Kh4 Rb8 44. Rg5 Ke7 45. Kh5 Rh8+ 46. Kg4 Rh7 47. h4 f6 48. Ra5 Ke6 49. g3 Rg7+ 50. Kf4 Rb7 51. h5 Kf7 52. Kf5 Rc7 53. g4 Rb7 54. Rc5 Ra7 55. h6 Rb7 56. Rd5 Ra7 57. h7 Kg7 58. Rd6 Kxh7 59. Kxf6 Ra1 60. Rd7+ Kg8 61. Rd8+ Kh7 62. Rd7+ Kg8 63. Rd6 Rf1+ 64. Kg6 Rf8 65. g5 Ra8 66. Kh6 Kh8 67. Rb6 Kg8 68. Rb7 Ra6+ 69. g6 Ra8 70. Rb6 Rc8 71. g7 Ra8 1/2-1/2

[Event "Penang op-A 14th"]
[Site "Penang"]
[Date "2022.12.23"]
[Round "7"]
[White "Kapoor, Satvik"]
[Black "Tin, Shan Wen"]
[Result "0-1"]
[WhiteElo "1743"]
[BlackElo "1907"]
[PlyCount "100"]
[EventDate "2022.12.19"]
[EventType "swiss"]
[EventRounds "9"]
[EventCountry "MAS"]
[SourceTitle "CBM 211 Extra"]
[Source "ChessBase"]
[SourceDate "2023.01.31"]
[SourceVersion "1"]
[SourceVersionDate "2023.01.31"]
[SourceQuality "1"]

1. e4 c5 2. d4 cxd4 3. c3 Nf6 4. e5 Nd5 5. cxd4 d6 6. Nf3 Nc6 7. Bc4 Nb6 8. Bb5 dxe5 9. Nxe5 Bd7 10. Nxd7 Qxd7 11. 0-0 e6 12. Nc3 Be7 13. Qg4 0-0 14. Bxc6 bxc6 15. Bh6 Bf6 16. Rad1 Kh8 17. Ne4 Qe7 18. Bf4 Rfd8 19. Rd3 Rxd4 20. Rh3 Rxe4 21. Qh5 h6 22. Bxh6 g6 23. Qf3 Rh4 24. Rxh4 Bxh4 25. Qxc6 Rc8 26. Qe4 Bg5 27. Qe5+ Bf6 28. Qb5 Rc5 29. Qb3 Bg5 30. Bxg5 Qxg5 31. Qa3 a5 32. Rd1 Kg7 33. h4 Qh5 34. Rf1 Nc4 35. Qc3+ Qe5 36. Qxe5+ Nxe5 37. Re1 Nd3 38. Re2 Nc1 39. Re3 Nxa2 40. g3 Rb5 41. Ra3 Nb4 42. Kg2 Nc6 43. Rc3 Ne5 44. b3 Nd7 45. Rc7 Nc5 46. Kf3 Nxb3 47. Ke4 a4 48. Rc2 a3 49. Kd3 Ra5 50. Kc3 a2 0-1

[Event "Penang op-A 14th"]
[Site "Penang"]
[Date "2022.12.22"]
[Round "6"]
[White "Teo, Hong Ming"]
[Black "Kapoor, Satvik"]
[Result "1/2-1/2"]
[WhiteElo "1928"]
[BlackElo "1743"]
[PlyCount "69"]
[EventDate "2022.12.19"]
[EventType "swiss"]
[EventRounds "9"]
[EventCountry "MAS"]
[SourceTitle "CBM 211 Extra"]
[Source "ChessBase"]
[SourceDate "2023.01.31"]
[SourceVersion "1"]
[SourceVersionDate "2023.01.31"]
[SourceQuality "1"]

1. d4 Nf6 2. c4 d5 3. Nc3 g6 4. Nf3 Bg7 5. e3 0-0 6. Qb3 dxc4 7. Bxc4 Nc6 8. Be2 e5 9. dxe5 Ng4 10. 0-0 Ngxe5 11. Rd1 Nxf3+ 12. Bxf3 Qh4 13. g3 Qf6 14. Bg2 Bg4 15. Nd5 Qe6 16. f3 Bh3 17. Nxc7 Qxb3 18. axb3 Bxg2 19. Nxa8 Bxf3 20. Rf1 Be4 21. Nc7 a6 22. Rd1 Ne7 23. Bd2 Bxb2 24. Ra2 Be5 25. Bb4 Rc8 26. Bxe7 Rxc7 27. Bb4 Kg7 28. Ra5 Bc2 29. Rd8 f6 30. Rad5 Bf5 31. Rc5 Rf7 32. Bc3 b6 33. Rxe5 fxe5 34. Bxe5+ Kh6 35. h4 1/2-1/2

[Event "Penang op-A 14th"]
[Site "Penang"]
[Date "2022.12.21"]
[Round "5"]
[White "Kapoor, Satvik"]
[Black "Carson, Goh Eu Zien"]
[Result "1-0"]
[WhiteElo "1743"]
[BlackElo "1480"]
[PlyCount "93"]
[EventDate "2022.12.19"]
[EventType "swiss"]
[EventRounds "9"]
[EventCountry "MAS"]
[SourceTitle "CBM 211 Extra"]
[Source "ChessBase"]
[SourceDate "2023.01.31"]
[SourceVersion "1"]
[SourceVersionDate "2023.01.31"]
[SourceQuality "1"]

1. e4 c6 2. Nc3 d5 3. exd5 cxd5 4. d4 Nf6 5. Bf4 Nc6 6. Nb5 Qa5+ 7. c3 Bg4 8. f3 Bxf3 9. Nxf3 Rc8 10. Bd3 a6 11. Na3 e6 12. Nc2 b5 13. 0-0 Be7 14. a4 b4 15. cxb4 Nxb4 16. Nxb4 Bxb4 17. Bd2 0-0 18. Bxb4 Qxb4 19. Qd2 Qb6 20. a5 Qa7 21. Kh1 Qb7 22. Ne5 Ne4 23. Qe2 Qb4 24. Bxe4 dxe4 25. Qxe4 Qxb2 26. Rab1 Qd2 27. Nxf7 Rce8 28. Nd6 h6 29. Nxe8 Rxe8 30. Qg6 Rd8 31. Qxe6+ Kh8 32. Qe7 Rxd4 33. Qf8+ Kh7 34. Qf5+ Kg8 35. Rb8+ Rd8 36. Qe6+ Kh7 37. Qe4+ Kg8 38. Rxd8+ Qxd8 39. Qc4+ Kh7 40. Qxa6 Qd2 41. Qb5 Qc2 42. a6 Qa2 43. Rc1 Qe6 44. a7 Qe4 45. Qb1 Qg6 46. Qxg6+ Kxg6 47. a8Q 1-0

[Event "Penang op-A 14th"]
[Site "Penang"]
[Date "2022.12.19"]
[Round "1"]
[White "Kapoor, Satvik"]
[Black "Harikrishnan, A Ra"]
[Result "0-1"]
[WhiteElo "1743"]
[BlackElo "2409"]
[PlyCount "110"]
[EventDate "2022.12.19"]
[EventType "swiss"]
[EventRounds "9"]
[EventCountry "MAS"]
[SourceTitle "CBM 211 Extra"]
[Source "ChessBase"]
[SourceDate "2023.01.31"]
[SourceVersion "1"]
[SourceVersionDate "2023.01.31"]
[SourceQuality "1"]

1. Nf3 d5 2. d4 Nf6 3. Bf4 c5 4. e3 Nc6 5. Bb5 Qa5+ 6. Nc3 Ne4 7. 0-0 Nxc3 8. Bxc6+ bxc6 9. bxc3 g6 10. Qd2 Bg7 11. Be5 f6 12. Bg3 0-0 13. Rfe1 Bg4 14. c4 Qd8 15. dxc5 e5 16. cxd5 cxd5 17. Rad1 Be6 18. Qb4 Qe7 19. Nd2 a5 20. Qa3 Rfc8 21. e4 d4 22. c3 dxc3 23. Qxc3 Qxc5 24. Qxc5 Rxc5 25. Nb3 Rc2 26. Rd6 Bf7 27. f4 Rxa2 28. Nc1 Ra1 29. fxe5 fxe5 30. Red1 h5 31. Rd7 Rc8 32. Ne2 Rxd1+ 33. Rxd1 a4 34. Ra1 Rc2 35. Nc1 a3 36. Nd3 a2 37. h3 Rc3 38. Rd1 Rxd3 39. Rxd3 a1Q+ 40. Kh2 Bh6 41. Rd8+ Kg7 42. Rd3 Bf4 43. Rf3 g5 44. Bxf4 exf4 45. h4 Kg6 46. hxg5 Kxg5 47. g3 fxg3+ 48. Rxg3+ Kf4 49. Rg1 Qb2+ 50. Rg2 Qe5 51. Kg1 Bc4 52. Rf2+ Ke3 53. Rg2 h4 54. Kh1 Qxe4 55. Kh2 Bd5 0-1

[Event "Eastern Asia-ch U14"]
[Site "Tornelo INT"]
[Date "2021.10.29"]
[Round "2"]
[White "Kapoor, Satvik"]
[Black "Arado, Fletch Archer"]
[Result "1/2-1/2"]
[WhiteElo "1333"]
[BlackElo "1691"]
[PlyCount "118"]
[EventDate "2021.10.29"]
[EventType "swiss"]
[EventRounds "9"]
[EventCountry "NET"]
[SourceTitle "EXT 2023"]
[Source "ChessBase"]
[SourceDate "2022.10.05"]
[SourceVersion "1"]
[SourceVersionDate "2022.10.05"]
[SourceQuality "1"]

1. e4 c5 2. Nf3 d6 3. d4 cxd4 4. Nxd4 Nf6 5. Nc3 Nc6 6. Be3 Ng4 7. Qb1 Nxe3 8. fxe3 g6 9. Bc4 Bg7 10. Qd1 0-0 11. 0-0 Ne5 12. Bb3 Bd7 13. Qd2 Rc8 14. Nf3 Nc4 15. Bxc4 Rxc4 16. e5 Bg4 17. exd6 Bxc3 18. bxc3 Bxf3 19. Rxf3 Qxd6 20. Qxd6 exd6 21. e4 Rxe4 22. Rb1 b6 23. Kf1 Rfe8 24. Rd3 Rf4+ 25. Kg1 Re2 26. Rc1 Rff2 27. Rg3 Rxc2 28. Rxc2 Rxc2 29. a3 Ra2 30. c4 Rc2 31. Rd3 Rxc4 32. Rxd6 Rc3 33. a4 Rc4 34. a5 bxa5 35. Ra6 Ra4 36. Rxa7 Ra2 37. h3 h5 38. Kh2 h4 39. Ra6 a4 40. Ra7 Kg7 41. Ra6 g5 42. Kg1 f6 43. Kh2 Kg6 44. Ra5 a3 45. Kg1 f5 46. Ra4 Kf6 47. Ra5 g4 48. hxg4 fxg4 49. g3 h3 50. Kh1 Rf2 51. Rxa3 Rf3 52. Ra6+ Ke5 53. Kh2 Re3 54. Ra5+ Kd6 55. Ra4 Re2+ 56. Kh1 Re1+ 57. Kh2 Re2+ 58. Kh1 Re1+ 59. Kh2 Re2+ 1/2-1/2

[Event "Penang op 11th"]
[Site "Penang"]
[Date "2019.12.10"]
[Round "3"]
[White "Greenwood, Martin"]
[Black "Kapoor, Satvik"]
[Result "0-1"]
[WhiteElo "1502"]
[BlackElo "1771"]
[PlyCount "27"]
[EventDate "2019.12.09"]
[EventType "swiss"]
[EventRounds "9"]
[EventCountry "MAS"]
[SourceTitle "CBM 193 Extra"]
[Source "ChessBase"]
[SourceDate "2020.01.31"]
[SourceVersion "1"]
[SourceVersionDate "2020.01.31"]
[SourceQuality "1"]

1. c4 e5 2. Nc3 Nf6 3. e4 Bc5 4. Nf3 Ng4 5. d4 exd4 6. Nxd4 Nxf2 7. Kxf2 Qf6+ 8. Ke1 Bxd4 9. Qf3 Bxc3+ 10. bxc3 d6 11. Qxf6 gxf6 12. Be3 b6 13. Be2 Bb7 14. Kf2 0-1